000 01287nam a22003497a 4500
003 CHAP
005 20220329133605.0
008 971013s1993 r 00010 d
010 _a8284
011 _a9256
035 _a8490
040 _cCHAP
090 _aTesis
100 0 0 _aLara Ascencio, Francisco.
_964822
245 _aEfecto de dos sistemas de labranza y control de malezas sobre frijol (Phaseolus vulgaris L.) y amaranto (Amaranthus hypochondriacus L) sembrados solos y asociados
260 _aChapingo, Méx. :
_bEl Autor,
_c1993
300 _a112 h.
502 _aTesis (M.C. en Protección Vegetal) -- UACH. Departamento de Parasitología Agrícola. Coordinación de Estudios de Postgrado
590 _aALEPH
_b10
_c20130110
_lUCH01
_h1222
590 _aBATCH-UPD
_b10
_c20130110
_lUCH01
_h1459
590 _aCONVERSION
_b10
_c20130109
_lUCH01
_h1306
650 1 4 _aAmaranthus hypochondriacus.
_95106
650 1 4 _aCultivos asociados.
_930370
650 1 4 _aFrijol
_xMalas hierbas
_xControl.
_943402
650 1 4 _aHerbicidas
_xToxicidad.
_953700
650 1 4 _aLabranza.
_964303
650 1 4 _aSistemas de cultivo.
_9106746
901 _aBK
942 _cFOLL
949 _bBC
_cTES
_d-18695
_eTS1
_h26347
_i8490
_mD
_si
949 _bBC
_cTES
_d-18696
_eTS2
_fc.2
_h26348
_i8490
_mD
_si
999 _c8284
_d8284